Explorando la respuesta real y culturalmente deseable ante las emociones básicas en la Ciudad de México (Record no. 149547)

MARC details
000 -CABECERA
campo de control de longitud fija 00663nab a2200217 a 4500
005 - FECHA Y HORA DE LA ÚLTIMA TRANSACCIÓN
campo de control 20210223131350.0
008 - ELEMENTOS DE LONGITUD FIJA--INFORMACIÓN GENERAL
campo de control de longitud fija 991125s1985 mx 000 0 spa u
035 ## - NÚMERO DE CONTROL DEL SISTEMA
Número de control de sistema UPN01000177444
100 1# - ASIENTO PRINCIPAL--NOMBRE PERSONAL
Nombre de persona Retana Franco, Blanca Estela
222 #0 - TÍTULO CLAVE
Título clave REVISTA DE PSICOLOGIA SOCIAL Y PERSONALIDAD
245 00 - MENCIÓN DE TÍTULO
Título Explorando la respuesta real y culturalmente deseable ante las emociones básicas en la Ciudad de México
260 ## - PUBLICACIÓN, DISTRIBUCIÓN, ETC.
Lugar de publicación, distribución, etc. México
300 ## - DESCRIPCIÓN FÍSICA
Extensión 81-98
362 0# - FECHAS DE PUBLICACIÓN Y/O DESIGNACIÓN SECUENCIAL
Fecha de publicación y/o designación secuencial 2009 Vol. 25, no. 1
653 0# - TERMINO DE INDIZACION - NO CONTROLADO
Término no controlado FELICIDAD
653 0# - TERMINO DE INDIZACION - NO CONTROLADO
Término no controlado ENOJO
653 0# - TERMINO DE INDIZACION - NO CONTROLADO
Término no controlado TRISTEZA
653 0# - TERMINO DE INDIZACION - NO CONTROLADO
Término no controlado AMOR
700 1# - ASIENTO SECUNDARIO--NOMBRE DE PERSONAL
Nombre de persona Sánchez Aragón, Rozzana,
Fechas asociadas al nombre 1969-
Término indicativo de función/relación coaut.
9 (RLIN) 36258
905 ## - TIPO DE MATERIAL
Tipo de material Articulo

No items available.